| 000 | 00426cam a2200169 4500 | ||
|---|---|---|---|
| 999 |
_c15413 _d15413 |
||
| 020 | _a0471059749 | ||
| 082 | 0 | 0 |
_a631.4/3 _bBAV/SO |
| 100 | 1 |
_aBaver, Leonard David, _93092 |
|
| 245 | 0 | 0 | _aSoil physics |
| 250 | _a4th ed. | ||
| 260 |
_aNew York, _bWiley _c[1972] |
||
| 300 |
_axx, 498 p. _billus. |
||
| 650 | 0 |
_aSoil physics. _93093 |
|
| 700 | 1 |
_aGardner, Walter H. _93094 |
|
| 700 | 1 |
_aGardner, Wilford R., _93095 |
|
| 942 | _cBK | ||